Ako ohlásiť voľnú živnosť

Podľa par. 19 zákona č. 455/1991 Zb. o živnostenskom podnikaní v znení neskorších predpisov sa rozlišujú z hľadiska rôznych požiadaviek na odbornú spôsobilosť tri druhy ohlasovacích živností: remeselné, viazané a voľné živnosti. Podmienky prevádzkovania živnosti. Náležitosti ohlásenia živnosti. Prak...

Description complète

Enregistré dans:
Détails bibliographiques
Auteur principal: Horvatová, Katarína
Format: Chapitre de livre
Langue:slovaque
Sujets:
Tags: Ajouter un tag
Pas de tags, Soyez le premier à ajouter un tag!

MARC

LEADER 00000naa a2200000 4500
001 r037154
005 20230911132651.6
041 0 |a slo 
044 |a SK 
245 1 0 |a Ako ohlásiť voľnú živnosť  |c Katarína Horvatová 
520 |a Podľa par. 19 zákona č. 455/1991 Zb. o živnostenskom podnikaní v znení neskorších predpisov sa rozlišujú z hľadiska rôznych požiadaviek na odbornú spôsobilosť tri druhy ohlasovacích živností: remeselné, viazané a voľné živnosti. Podmienky prevádzkovania živnosti. Náležitosti ohlásenia živnosti. Praktické príklady. 
610 2 0 |a živnosti 
610 2 0 |a podnikanie 
610 2 0 |a podnikatelia 
610 2 0 |a živnostníci 
610 2 0 |a prevádzky 
610 2 0 |a Slovensko 
100 1 |a Horvatová, Katarína